01012 2200313 4500001002100000005001500021035002000036007000300056008004100059040002200100082001400122084001600136090002000152090002100172100003000193245012100223300007100344650003100415700002800446700002700474850001200501504003100513264003900544336002100583337003000604338002300634999002000657990002100677INLIS00000000085397320200206095234 a0010-0220000143ta200206s1996 yoia g ind d aYOPDYOGbinderda04223a693.4 a693.4 SUD d aDEP 693.4 SUD d aCB-D.11 1996-6190 aSudarmokod1956-epenulis00aDiagram perancangan balok beton bertulang :bmengacu SNI-03-2847-1992 /cSudarmoko;penyunting, A. Aryanto, F. Afri N aviii, 14 halaman, 134 halaman tidak bernomor :bilustrasi ;c29 cm 4aKonstruksi beton bertulang1 aAryanto, A.epenyunting aAfri N, F.epenyunting aYOPDYOG aBibliografi : halaman [15]34aYogyakarta :bBiro Penerbit,c1996 2rdacontentateks 2rdamediaatanpa perantara 2rdacarrieravolume aCB-D.1/1996-619 aCB-D.11/1996-619